LEADER 01186nas 2200373 450 001 9910712000003321 005 20190221142750.0 035 $a(CKB)5470000002488087 035 $a(OCoLC)1086613092 035 $a(EXLCZ)995470000002488087 100 $a20190221a20uu9999 ua 101 0 $aeng 135 $aur||||||||||| 181 $ctxt$2rdacontent 182 $cc$2rdamedia 183 $acr$2rdacarrier 200 00$aCalifornia-Nevada drought outlook 210 1$a[Boulder, Colo.] :$cNational Integrated Drought Information System 215 $a1 online resource (volumes) 606 $aDrought forecasting$zCalifornia$vPeriodicals 606 $aDrought forecasting$zNevada$vPeriodicals 606 $aClimatic changes$zCalifornia$vPeriodicals 606 $aClimatic changes$zNevada$vPeriodicals 615 0$aDrought forecasting 615 0$aDrought forecasting 615 0$aClimatic changes 615 0$aClimatic changes 712 02$aNational Integrated Drought Information System (U.S.), 801 0$bGPO 801 1$bGPO 906 $aDOCUMENT 912 $a9910712000003321 996 $aCalifornia-Nevada drought outlook$93263047 997 $aUNINA